| 000 | 00311nam a22001217a 4500 | ||
|---|---|---|---|
| 082 |
_a510 _bOSW/C |
||
| 100 | _aOSWAAL BOOKS | ||
| 245 |
_aCBSE 10SAMPLE QUESTION PAPERS MATHEMATICS _bCLASS XII |
||
| 260 |
_aAGRA _bOSWAAL BOOKS _c2023 |
||
| 300 | _a160 | ||
| 650 |
_aMATHS QUESTION PAPERS CLASS XII _zINDIA |
||
| 942 | _cBK | ||
| 999 |
_c638 _d638 |
||